| 000 | 00606nam a22001817a 4500 | ||
|---|---|---|---|
| 003 | NUST | ||
| 005 | 20260415145628.0 | ||
| 008 | 260415b ||||| |||| 00| 0 eng d | ||
| 020 | _a 978-0130351234 | ||
| 082 |
_a526 _bSLO |
||
| 100 |
_a Terry A. Slocum, Robert B. McMaster, Fritz C. Kessler, Hugh H. Howard. _9134147 |
||
| 245 |
_aThematic Cartography and Geographic Visualization _c Terry A. Slocum, Robert B. McMaster, Fritz C. Kessler, Hugh H. Howard. |
||
| 250 | _a2nd Edition | ||
| 260 |
_bPearson College Div, _c2004. |
||
| 300 |
_a518 p ; _c35.00 cm |
||
| 563 | _aHardcover | ||
| 942 |
_2ddc _cBK |
||
| 999 |
_c617090 _d617090 |
||